| 000 | 00508nam a2200193Ia 4500 | ||
|---|---|---|---|
| 005 | 20260429112252.0 | ||
| 008 | 260429s9999||||xx |||||||||||||| ||und|| | ||
| 020 | _a9780691254074 | ||
| 041 | _aEnglish | ||
| 082 |
_a170 _bAPP |
||
| 100 | _aAppiah, Kwame Anthony | ||
| 245 | 0 |
_aEthics of identity / _cKwame Anthony Appiah |
|
| 250 | _a1st ed. | ||
| 260 |
_aPrinceton : _bPrinceton University Press, _c2023. |
||
| 300 | _axxviii, 358 p.; pbk | ||
| 650 | _a Ethics | ||
| 650 | _aIdentity | ||
| 942 | _cTB | ||
| 999 |
_c53225 _d53225 |
||